| 000 | 00489nam a2200181 a 4500 | ||
|---|---|---|---|
| 005 | 20140412111233.0 | ||
| 008 | 010529s19uu xx 00 eng d | ||
| 020 | _a0-8136-3947-6 | ||
| 050 |
_aTR(PS E _bNi51 1987 |
||
| 100 | _aTanner, Jane | ||
| 245 |
_aNiki's walk / _cby Jane Tanner. |
||
| 260 |
_aAustralia : _bModern Curriculum Press, _c1987. |
||
| 300 | _a1v. (unp.) ; ill. | ||
| 650 | _aCommunities-Juvenile literature | ||
| 999 |
_c102288 _d102288 |
||